Моделирование напряженно-деформированного состояния образцов горных пород с учетом их структуры в трехмерной постановке; Перспективные материалы с иерархической структурой для новых технологий и надежных конструкций

Detaylı Bibliyografya
Parent link:Перспективные материалы с иерархической структурой для новых технологий и надежных конструкций.— 2016.— [С. 449-450]
Müşterek Yazar: Национальный исследовательский Томский политехнический университет (ТПУ) Институт физики высоких технологий (ИФВТ) Кафедра физики высоких технологий в машиностроении (ФВТМ)
Diğer Yazarlar: Ахметов А. Ж., Смолин И. Ю., Кульков А. С. Алексей Сергеевич, Макаров П. В.
Özet:Заглавие с экрана
Dil:Rusça
Baskı/Yayın Bilgisi: 2016
Seri Bilgileri:Иерархическая организация объектов в геодинамике
Konular:
Online Erişim:http://www.ispms.ru/files/Conference/2016/Sbornik_1.pdf#page=449
Materyal Türü: Elektronik Kitap Bölümü
KOHA link:https://koha.lib.tpu.ru/cgi-bin/koha/opac-detail.pl?biblionumber=651220

MARC

LEADER 00000nla2a2200000 4500
001 651220
005 20231101134646.0
035 |a (RuTPU)RU\TPU\network\16469 
035 |a RU\TPU\network\16463 
090 |a 651220 
100 |a 20161107d2016 k y0rusy50 ca 
101 0 |a rus  |g rus 
102 |a RU 
105 |a a z 101zy 
135 |a drgn ---uucaa 
181 0 |a i  
182 0 |a b 
200 1 |a Моделирование напряженно-деформированного состояния образцов горных пород с учетом их структуры в трехмерной постановке  |f А. Ж. Ахметов [и др.] 
203 |a Текст  |c электронный 
225 1 |a Иерархическая организация объектов в геодинамике 
300 |a Заглавие с экрана 
463 1 |0 (RuTPU)RU\TPU\network\16208  |t Перспективные материалы с иерархической структурой для новых технологий и надежных конструкций  |o тезисы докладов Международной конференции, 19-23 сентября 2016 г., Томск  |f Российская академия наук (РАН), Сибирское отделение (СО), Институт физики прочности и материаловедения (ИФПМ)  |v [С. 449-450]  |d 2016 
610 1 |a электронный ресурс 
610 1 |a труды учёных ТПУ 
610 1 |a моделирование 
610 1 |a напряженно-деформированные состояния 
610 1 |a горные породы 
610 1 |a структуры 
610 1 |a трехмерные модели 
610 1 |a одноосное сжатие 
610 1 |a конечно-разностные методы 
610 1 |a пластические деформации 
701 1 |a Ахметов  |b А. Ж. 
701 1 |a Смолин  |b И. Ю. 
701 1 |a Кульков  |b А. С.  |c физик  |c инженер Томского политехнического университета  |g Алексей Сергеевич  |2 stltpush  |3 (RuTPU)RU\TPU\pers\37476 
701 1 |a Макаров  |b П. В. 
712 0 2 |a Национальный исследовательский Томский политехнический университет (ТПУ)  |b Институт физики высоких технологий (ИФВТ)  |b Кафедра физики высоких технологий в машиностроении (ФВТМ)  |h 2087  |2 stltpush  |3 (RuTPU)RU\TPU\col\18687 
801 1 |a RU  |b 63413507  |c 20101016 
801 2 |a RU  |b 63413507  |c 20161107  |g RCR 
856 4 |u http://www.ispms.ru/files/Conference/2016/Sbornik_1.pdf#page=449 
942 |c CF